000 00652nam a2200205Ia 4500
003 GCL
008 140319s9999 xx 000 0 ara d
040 _aGCL /
_cGCL
082 0 4 _aق
_b962.048
_bم ب
100 1 _aمكى الطيب شبيكة
245 1 0 _aبريطانيا وثورة 1919 المصرية /
_cمكى الطيب شبيكة
260 _a[S.N] :
_bمعهد البحوث والدراسات العربية ،
_c1976
300 _a130ص
490 _a
650 0 4 _aالعصر الحديث
650 0 4 _aمصر
650 0 4 _aتاريخ
650 0 4 _aمصر - تاريخ - العصر الحديث - ثورة 1919
942 _2ddc
_cBK
999 _c30552
_d30552